| 000 | 00443nam a2200169 a 4500 | ||
|---|---|---|---|
| 005 | 20140310183347.0 | ||
| 008 | 070329s19uu xx 00 eng d | ||
| 020 | _a074340338x | ||
| 050 |
_aPS 3561.L334 _b.K63 2000 |
||
| 100 | _aKlavan, Andrew | ||
| 245 |
_aHunting down Amanda / _cAndrew Klavan. |
||
| 260 |
_aNew York : _bPocket Books, _c2000. |
||
| 300 |
_a436 p. : _c18 cm. |
||
| 650 | _aFiction. | ||
| 942 |
_cBK _2lcc |
||
| 999 |
_c21985 _d21985 |
||